Music Quiz

Random Music or Lyrics Quiz

Sesame Street: Do De Rubber Duck lyrics Quiz Stats

 Plays Quiz not verified by Sporcle

Challenge
Share
Tweet
Embed
Score 0/300 Timer 08:00
0 Plays Today
Hint Answer % Correct
Everyone(When you do de rubber duck)
97.4%
Everyone(While you do de rubber duck)
97.4%
Everyone(If you do de rubber duck)
97.4%
Everyone(When you do de rubber duck)
97.4%
Everyone(When you do de rubber duck)
97.4%
Everyone(When you do de rubber duck)
97.4%
Everyone(Yeah do de rubber duck)
94.9%
Everyone(How to do de rubber duck)
94.9%
Everyone(Do de rubber duck)
93.6%
Everyone(Do de rubber duck)
93.6%
Everyone(Do de rubber duck)
93.6%
Everyone(Now do de rubber duck)
93.6%
Everyone(Do de rubber duck)
93.6%
Everyone(Do de rubber duck)
93.6%
Everyone(Do de rubber duck)
93.6%
Everyone(They do de rubber duck)
93.6%
Everyone(They do de rubber duck)
93.6%
Everyone(Do de rubber duck)
93.6%
Everyone(Do de rubber duck)
93.6%
Everyone(Do de rubber duck)
93.6%
Everyone(Do de rubber duck)
93.6%
Everyone(Do de rubber duck)
93.6%
Everyone(Do de rubber duck)
93.6%
-the
88.5%
-de
88.5%
-de
88.5%
-the
87.2%
-the
87.2%
-the
87.2%
-the
87.2%
-the
87.2%
-the
87.2%
-the
87.2%
-the
87.2%
-the
87.2%
-You
83.3%
-you
83.3%
-you
83.3%
-you
83.3%
-you
83.3%
-you
83.3%
-you
83.3%
-you
83.3%
-duck,
80.8%
-duck,
80.8%
-duck,
80.8%
-duck,
80.8%
-duck,
80.8%
-duck,
80.8%
-duck,
80.8%
-duck,
80.8%
-duck,
80.8%
-duck,
80.8%
-duck,
80.8%
-duck,
80.8%
-duck,
80.8%
-duck,
80.8%
-duck,
80.8%
-duck,
80.8%
-duck,
80.8%
-duck.
80.8%
-duck,
80.8%
-duck.
80.8%
-duck,
80.8%
-duck,
80.8%
-duck,
80.8%
-duck,
80.8%
-duck,
80.8%
-duck,
80.8%
-duck,
80.8%
-duck,
80.8%
-duck,
80.8%
-duck,
80.8%
-duck,
80.8%
-duck,
80.8%
-duck,
80.8%
-duck,
80.8%
-duck,
80.8%
-duck,
80.8%
EveryoneDuck,
80.8%
-duck.
80.8%
-duck,
80.8%
-duck,
80.8%
-duck,
80.8%
-duck,
80.8%
-duck,
80.8%
-duck,
80.8%
-duck,
80.8%
-duck,
80.8%
-duck,
80.8%
-duck,
80.8%
-duck,
80.8%
-duck,
80.8%
-duck,
80.8%
-duck,
80.8%
-duck,
80.8%
-duck,
80.8%
-duck,
80.8%
-duck,
80.8%
-duck...
80.8%
Hint Answer % Correct
-a
79.5%
-a
79.5%
-a
79.5%
-a
79.5%
-a
79.5%
-a
79.5%
-rubber
78.2%
-rubber
78.2%
-rubber
78.2%
-rubber
78.2%
-rubber
78.2%
-rubber
78.2%
-rubber
78.2%
-rubber
78.2%
-rubber
78.2%
-rubber
78.2%
-rubber
78.2%
-rubber
78.2%
-rubber
78.2%
-rubber
78.2%
-rubber
78.2%
-rubber
78.2%
-rubber
78.2%
-rubber
78.2%
-rubber
78.2%
-rubber
78.2%
-rubber
78.2%
-rubber
78.2%
-rubber
78.2%
-rubber
78.2%
-rubber
78.2%
-rubber
78.2%
-rubber
78.2%
-rubber
78.2%
-rubber
78.2%
-rubber
78.2%
-rubber
78.2%
-do
75.6%
-do
75.6%
-do
75.6%
-do
75.6%
-in
74.4%
-in
74.4%
-in
74.4%
-in
74.4%
-in
74.4%
-your
73.1%
-your
73.1%
-your
73.1%
-your
73.1%
-your
73.1%
-your
73.1%
-your
73.1%
-your
73.1%
-your
73.1%
-bath
71.8%
-bath
71.8%
-and
70.5%
-and
70.5%
-And
70.5%
-and
70.5%
ErnieAnd
70.5%
-and
70.5%
CountAnd
70.5%
-and
70.5%
GladysAnd
70.5%
-and
70.5%
-And
70.5%
-And
70.5%
-it
69.2%
ErnieIt
69.2%
-on
67.9%
-on
67.9%
-to
67.9%
-so
66.7%
-wash
65.4%
-tub,
65.4%
ErnieDon't
65.4%
-be
65.4%
-be
65.4%
-be
65.4%
-wash
65.4%
-be
65.4%
TellyDon't
65.4%
-wash
65.4%
CountDon't
65.4%
-be
65.4%
HootsDon't
65.4%
-Get
64.1%
-get
64.1%
-make
64.1%
-make
64.1%
-One,
64.1%
-get
64.1%
-it's
61.5%
Guy SmileyIt's
61.5%
-one
61.5%
ErnieThere's
60.3%
-all
60.3%
-sing.
60.3%
Hint Answer % Correct
-away
60.3%
-bubbles.
60.3%
BiffAll
60.3%
-away.
60.3%
-while
59%
-duckie
59%
-toes
59%
-while
59%
-everybody
59%
-soap
59%
-eye.
59%
KermitEverybody
59%
-toes.
59%
-while
59%
-two,
59%
-three,
59%
-four!
59%
-hands
57.7%
-scrub
57.7%
KermitScrub
57.7%
-count
57.7%
-dance,
56.4%
-feet.
56.4%
-water
56.4%
-forget
56.4%
-brand
55.1%
-new
55.1%
-got
55.1%
-cry.
55.1%
-flippers
55.1%
-troubles.
55.1%
-at
55.1%
-reggae
53.8%
-beat.
53.8%
Telly'Cause
53.8%
-grouches
53.8%
-ring.
53.8%
-bathtime
53.8%
-lap.
52.6%
-Tap
52.6%
-tap.
52.6%
-Come
52.6%
-bathtub
52.6%
-knows.
52.6%
HootsCome
52.6%
ErnieYou'll
51.3%
ErnieYou'll
51.3%
ErnieYeah,
51.3%
-you'll
51.3%
OscarYeah,
51.3%
-around
51.3%
-germs
51.3%
-you'll
51.3%
-from
50%
-can
50%
-hair.
50%
-that'll
50%
-day.
50%
-clean.
48.7%
-bopper.
48.7%
-stopper.
48.7%
-will
47.4%
-folks
47.4%
-soiled.
47.4%
-latest
47.4%
-out
47.4%
-even
46.2%
-world.
46.2%
GladysTake
46.2%
-pull
46.2%
-hold
44.9%
-left
44.9%
-high
44.9%
-dry.
44.9%
-left
44.9%
BiffWhenever
44.9%
-splishin'
44.9%
-fashion.
44.9%
-those
44.9%
-without
43.6%
-a-splashin'.
43.6%
-very
43.6%
-least
43.6%
-try.
42.3%
-squeaky
42.3%
-move
42.3%
ErnieAs
41%
-much
41%
-care.
41%
OscarHey
41%
-better.
39.7%
-have
39.7%
-healthy
39.7%
-sheen.
39.7%
-feeling
37.2%
-wetter.
35.9%
-keep
34.6%
-'em
34.6%
-getting
33.3%
Guy SmileyWatch
30.8%

You're not logged in!

Compare scores with friends on all Sporcle quizzes.
OR
Log In

You Might Also Like...

Show Comments

Extras

Top Quizzes Today


Score Distribution

Your Account Isn't Verified!

In order to create a playlist on Sporcle, you need to verify the email address you used during registration. Go to your Sporcle Settings to finish the process.

Report this User

Report this user for behavior that violates our Community Guidelines.

Details: